Conducción y acción dinámica del grupo. /
Guardado en:
| Autor Principal: | |
|---|---|
| Formato: | Libro |
| Publicado: |
Buenos Aires :
Kapelusz,
1964
|
| Materias: | |
| Etiquetas: |
Agregar Etiqueta
Sin Etiquetas, Sea el primero en etiquetar este registro!
|
| LEADER | 00926nam a22002295a 4500 | ||
|---|---|---|---|
| 001 | CEM.cems000907 | ||
| 005 | 20060213000000.0 | ||
| 008 | 130507s1964##################000#0#####d | ||
| 003 | CEMS | ||
| 082 | 0 | 4 | |a 301.158 |
| 100 | 1 | |a Beal, George M | |
| 245 | 1 | 0 | |a Conducción y acción dinámica del grupo. / |
| 260 | |a Buenos Aires : |b Kapelusz, |c 1964 | ||
| 300 | |a 332 p. | ||
| 505 | 0 | |a El estudio de los grupos;Comportamiento del grupos,algunos casos tipicos; Las funciones de los grupos;El individuo y el grupo;La cultura del grupo;La estructura social del grupo;La sociologia de los pequenos grupos | |
| 653 | |a Dinamica de grupos | ||
| 653 | |a Estudio dirigido | ||
| 653 | |a Grupos-tecnicas | ||
| 653 | |a Sociometria | ||
| 859 | |a CEMS |b BIB. CEMS - 11 de abril |h 301.158 |i B361 |p 3710.75 |t Ej.1 | ||
| 859 | |a CEMS |b BIB. CEMS - 11 de abril |h 301.158 |i B361 |p 3711.75 |t Ej.2 | ||
| 859 | |a CEMS |b BIB. CEMS - 11 de abril |h 301.158 |i B361 |p 3804.75 |t Ej.3 | ||
